| 000 | nam a22 a 4500 | ||
|---|---|---|---|
| 999 |
_c776 _d776 |
||
| 005 | 20170505095254.0 | ||
| 008 | 170505b1950 cau||||| |||| 00| 0 eng d | ||
| 040 | _aAKMAL | ||
| 082 | _a220 WHI | ||
| 090 |
_a220 _bWHI |
||
| 100 | 1 |
_aWhite, Ellen Gould Harmon, _d1827-1915 _91679 |
|
| 245 | 1 | 4 |
_aThe Great Controversy / _cEllen G. White |
| 260 |
_aMelbourne : _bSigns Publishing, _c[n.d.] |
||
| 300 | _ccm | ||
| 942 |
_2ddc _cBOOK |
||